[Event "VIE Cup"]
[Site "Hanoi"]
[Date "2021.??.??"]
[Round "1"]
[White "Dang, Anh Minh"]
[Black "Nguyen, Le Duc Minh"]
[Result "1-0"]
[WhiteElo "2040"]
[BlackElo "2427"]
[PlyCount "89"]
[EventDate "2021.05.03"]
[EventType "swiss"]
[EventRounds "9"]
[EventCountry "VIE"]
[SourceTitle "EXT 2022"]
[Source "ChessBase"]
[SourceDate "2021.10.06"]
[SourceVersion "1"]
[SourceVersionDate "2021.10.06"]
[SourceQuality "1"]

1. d4 d5 2. c4 c6 3. Nf3 Nf6 4. Nc3 e6 5. Bg5 Be7 6. e3 0-0 7. Qc2 Nbd7 8. Rd1 h6 9. Bh4 a5 10. Bd3 b6 11. cxd5 cxd5 12. 0-0 Ba6 13. Bxa6 Rxa6 14. Rc1 Ra8 15. Nd2 Rc8 16. Qb3 Re8 17. Nb5 Rxc1 18. Rxc1 Ng4 19. Bg3 Bh4 20. Nf3 Bxg3 21. hxg3 Ndf6 22. Nd2 h5 23. Rc6 Re7 24. Nd6 a4 25. Qxa4 Rc7 26. Qc2 Rxc6 27. Qxc6 Kf8 28. Nf3 Ke7 29. Nc8+ Kf8 30. Ne5 Nxe5 31. dxe5 Ng4 32. Qd6+ Ke8 33. Nxb6 g6 34. Qc6+ Kf8 35. Nd7+ Kg7 36. Qd6 g5 37. b4 Qa8 38. Qe7 Qxa2 39. Qxg5+ Kh7 40. Qxh5+ Kg7 41. Qxg4+ Kh8 42. Qh5+ Kg7 43. Qg5+ Kh8 44. Qh6+ Kg8 45. Nf6# 1-0

[Event "VIE Cup"]
[Site "Hanoi"]
[Date "2021.??.??"]
[Round "2"]
[White "Nguyen, Le Duc Minh"]
[Black "Phung, Duc Anh"]
[Result "1/2-1/2"]
[WhiteElo "2427"]
[BlackElo "2461"]
[PlyCount "57"]
[EventDate "2021.05.03"]
[EventType "swiss"]
[EventRounds "9"]
[EventCountry "VIE"]
[SourceTitle "EXT 2022"]
[Source "ChessBase"]
[SourceDate "2021.10.06"]
[SourceVersion "1"]
[SourceVersionDate "2021.10.06"]
[SourceQuality "1"]

1. e4 c5 2. Nf3 e6 3. b3 d5 4. exd5 exd5 5. Bb2 Nf6 6. Be2 Be7 7. 0-0 0-0 8. h3 Nbd7 9. Na3 b6 10. d4 Bb7 11. c4 Qc7 12. Rc1 Rac8 13. Re1 Rfe8 14. cxd5 Nxd5 15. dxc5 bxc5 16. Nd4 Qf4 17. Bg4 Rcd8 18. Nf5 N7f6 19. Be5 Qg5 20. Nxe7+ Nxe7 21. Bxf6 gxf6 22. Qe2 Ng6 23. Qb5 Rxe1+ 24. Rxe1 Bxg2 25. Kxg2 h5 26. Re8+ Rxe8 27. Qxe8+ Kg7 28. Qe4 hxg4 29. Qxg4 1/2-1/2

[Event "VIE-chT"]
[Site "Ho Chi Minh City"]
[Date "2019.09.26"]
[Round "1.36"]
[White "Vo, Kim Cang"]
[Black "Nguyen, Le Duc Minh"]
[Result "1-0"]
[WhiteElo "1908"]
[BlackElo "1900"]
[PlyCount "63"]
[EventDate "2019.09.26"]
[EventType "team-swiss"]
[EventRounds "9"]
[EventCountry "VIE"]
[SourceTitle "EXT 2020"]
[Source "ChessBase"]
[SourceDate "2019.10.17"]
[SourceVersion "1"]
[SourceVersionDate "2019.10.17"]
[SourceQuality "1"]

1. d4 Nf6 2. c4 e6 3. Nc3 Bb4 4. e3 b6 5. Nge2 Bb7 6. a3 Be7 7. Nf4 c5 8. Be2 d5 9. dxc5 bxc5 10. cxd5 exd5 11. Bb5+ Nbd7 12. Nfxd5 Nxd5 13. Nxd5 0-0 14. Nxe7+ Qxe7 15. Qxd7 Qxd7 16. Bxd7 Rfd8 17. Bg4 Bxg2 18. Rg1 Be4 19. Bd2 f5 20. Be2 Bd3 21. Bc3 g6 22. Bxd3 Rxd3 23. Rd1 Rxd1+ 24. Kxd1 a5 25. Kc2 Kf7 26. Rd1 Ke6 27. Kb3 a4+ 28. Kc4 Rc8 29. Rd5 h5 30. Rxc5 Rxc5+ 31. Kxc5 g5 32. Kb4 1-0